000
00302nam a22001217a 4500
008
170817b xxu||||| |||| 00| 0 eng d
041
_a
eng
080
_a
311
100
_a
36
101
_a
MAT
245
_a
ELEMENTARY PROBALITY MODELS AND STATISTIKAL INFERENCE
_c
CHAPMAN.D.G
942
_2
udc
_c
BK
999
_c
23950
_d
23950